The Cyanogenic glucosides and glucosidases of rubber seed kernel (Record no. 70556)

MARC details
000 -LEADER
fixed length control field 00472nam a2200169Ia 4500
100 ## - MAIN ENTRY--AUTHOR NAME
Personal name Mallika G V
245 #4 - TITLE STATEMENT
Title The Cyanogenic glucosides and glucosidases of rubber seed kernel
260 ## - PUBLICATION, DISTRIBUTION, ETC. (IMPRINT)
Name of publisher Journal of the National Science Council of Sri Lanka
Year of publication 1991
300 ## - PHYSICAL DESCRIPTION
Number of Pages 99-106
500 ## - GENERAL NOTE
General note Source Year: 1994
700 ## - ADDED ENTRY--PERSONAL NAME
Personal name Abeysekara A M
700 ## - ADDED ENTRY--PERSONAL NAME
Personal name Jansz E R
700 ## - ADDED ENTRY--PERSONAL NAME
Personal name Pieris N M
856 ## - ELECTRONIC LOCATION AND ACCESS
Uniform Resource Identifier hoa
942 ## - ADDED ENTRY ELEMENTS (KOHA)
Koha item type Journals
Holdings
Withdrawn status Lost status Damaged status Not for loan Home library Current library Shelving location Date acquired Serial Enumeration / chronology Koha item type
      Journals RRII Library RRII Library Rubber general 17/12/2021 Volume 19, Issue 2 Journals